| 000 | 00668nam a2200241Ia 4500 | ||
|---|---|---|---|
| 005 | 20260429112000.0 | ||
| 008 | 260429s9999||||xx |||||||||||||| ||und|| | ||
| 020 | _a9798886130881 | ||
| 041 | _aEnglish | ||
| 082 |
_a332.6452 _bLEE |
||
| 100 | _aLee, Cheng Few | ||
| 245 | 0 |
_aIntermediate futures and options : _ban active learning approach / _cCheng Few Lee |
|
| 260 |
_aSingapore : _bWorld Scientific Publishing, _c2024. |
||
| 300 | _axv, 984 p.; pbk | ||
| 650 | _a Financial economics | ||
| 650 | _a Futures | ||
| 650 | _a Investments | ||
| 650 | _a Securities | ||
| 650 | _aEconomics | ||
| 700 | _a Lee, Alice | ||
| 700 | _a Lee, John | ||
| 942 | _cTB | ||
| 999 |
_c51740 _d51740 |
||